| 000 | 01168cam a2200325 i 4500 | ||
|---|---|---|---|
| 001 | 40707 | ||
| 003 | Mx-PuUPA | ||
| 005 | 20220120115406.0 | ||
| 008 | 140415s2001 caua gr 001 0 eng d | ||
| 020 | _a1571459774 | ||
| 040 |
_aMx-PuUPA _bspa _cMx-PuUPA _dMx-PuUPA _erda |
||
| 041 | 0 | _aeng | |
| 110 | 2 |
_911924 _aMurdoch Books |
|
| 245 | 1 | 4 |
_aThe essential mediterranean cookbook / _cMurdoch Books ; chief executive, Juliet Rogers ; publisher, Kay Scarlett ; photographers, Craig Cranko, Brett Stevens |
| 264 | 1 |
_aSan Diego, CA : _bThunder Bay Press, _c©2001 |
|
| 300 |
_a304 páginas : _bilustraciones ; _c29 cm |
||
| 336 |
_2rdacontent _atexto _btxt |
||
| 336 |
_2rdacontent _aimagen fija _bsti |
||
| 337 |
_2rdamedia _asin medio _bn |
||
| 338 |
_2rdacarrier _avolumen _bnc |
||
| 650 | 7 |
_aCocina mediterránea _2armarc |
|
| 700 | 1 |
_aRogers, Juliet, _edirector |
|
| 700 | 1 |
_aScarlett, Kay, _eeditor |
|
| 700 | 1 |
_aCranko, Craig, _efotógrafo |
|
| 700 | 1 |
_aStevens, Brett, _efotógrafo |
|
| 942 |
_2ddc _h641.594 _iE78 _cLI |
||
| 999 |
_c40707 _d40707 |
||